Carmelina / (Record no. 1890)

MARC details
000 -LEADER
fixed length control field 02759cjm a2200565 i 4500
001 - CONTROL NUMBER
control field data
005 - DATE AND TIME OF LATEST TRANSACTION
control field 20260322212123.0
007 - PHYSICAL DESCRIPTION FIXED FIELD--GENERAL INFORMATION
fixed length control field data
008 - FIXED-LENGTH DATA ELEMENTS--GENERAL INFORMATION
fixed length control field data
035 ## - SYSTEM CONTROL NUMBER
System control number 17706373
010 ## - LIBRARY OF CONGRESS CONTROL NUMBER
LC control number 2013619216
028 02 - PUBLISHER OR DISTRIBUTOR NUMBER
Publisher or distributor number THT CD 9224
Source Original Cast Records/Take Home Tunes
033 ## - DATE/TIME AND PLACE OF AN EVENT
Geographic classification area code 3804
Geographic classification subarea code N4
035 ## - SYSTEM CONTROL NUMBER
System control number (OCoLC)29601900
040 ## - CATALOGING SOURCE
Original cataloging agency FMM
Language of cataloging eng
Description conventions rda
Transcribing agency DLC
Modifying agency DLC
-- OCLCO
-- OCLCF
-- CNO
-- OCLCQ
-- OCLCA
-- OCLCO
-- OCLCL
-- DLC
042 ## - AUTHENTICATION CODE
Authentication code lccopycat
050 00 - LIBRARY OF CONGRESS CALL NUMBER
Classification number SDC 24444
100 1# - MAIN ENTRY--PERSONAL NAME
Personal name Lane, Burton,
Dates associated with a name 1912-1997,
Relator term composer.
Real World Object URI https://id.oclc.org/worldcat/entity/E39PBJpjhMjRrmpj9TkPcGtYfq
245 10 - TITLE STATEMENT
Title Carmelina /
Statement of responsibility, etc. music by Burton Lane ; lyrics by Alan Jay Lerner.
264 #1 - PRODUCTION, PUBLICATION, DISTRIBUTION, MANUFACTURE, AND COPYRIGHT NOTICE
Place of production, publication, distribution, manufacture Englewood Cliffs, N.J. :
Name of producer, publisher, distributor, manufacturer Original Cast Records/Take Home Tunes,
Date of production, publication, distribution, manufacture, or copyright notice [1992]
300 ## - PHYSICAL DESCRIPTION
Extent 1 audio disc :
Other physical details digital, stereo ;
Dimensions 4 3/4 in.
336 ## - CONTENT TYPE
Content type term performed music
Content type code prm
Source rdacontent
337 ## - MEDIA TYPE
Media type term audio
Media type code s
Source rdamedia
338 ## - CARRIER TYPE
Carrier type term audio disc
Carrier type code sd
Source rdacarrier
344 ## - SOUND CHARACTERISTICS
Type of recording digital
Source rdatr
344 ## - SOUND CHARACTERISTICS
Recording medium optical
Source rdarm
344 ## - SOUND CHARACTERISTICS
Configuration of playback channels stereo
Source rdacpc
347 ## - DIGITAL FILE CHARACTERISTICS
File type audio file
Source rdaft
347 ## - DIGITAL FILE CHARACTERISTICS
Encoding format CD audio
500 ## - GENERAL NOTE
General note Musical comedy.
500 ## - GENERAL NOTE
General note Title from disc label.
500 ## - GENERAL NOTE
General note Book by Alan Jay Lerner and Joseph Stein.
500 ## - GENERAL NOTE
General note "Remixed & digitally remastered."
500 ## - GENERAL NOTE
General note Biographical notes and synopsis on container.
505 0# - FORMATTED CONTENTS NOTE
Formatted contents note Overture -- Prayer ; It's time for a love song -- Why him? -- I must have her -- Someone in April -- Signora Campbell -- Love before breakfast -- Yankee Doodles are coming to town -- One more walk around the garden -- All that he wants me to be -- Carmelina -- The image of me -- I'm a woman -- Finale.
511 0# - PARTICIPANT OR PERFORMER NOTE
Participant or performer note Members of the original Broadway cast, starring Georgia Brown, Paul Sorvino, vocals ; with supporting cast ; orchestra ; Don Jennings, conductor.
518 ## - DATE/TIME AND PLACE OF AN EVENT NOTE
Other event information Recorded at
Place of event RCA Studios, New York City.
650 #0 - SUBJECT ADDED ENTRY--TOPICAL TERM
Topical term or geographic name entry element Musicals.
650 #7 - SUBJECT ADDED ENTRY--TOPICAL TERM
Topical term or geographic name entry element Musicals.
Source of heading or term fast
Authority record control number or standard number (OCoLC)fst01030814
655 #7 - INDEX TERM--GENRE/FORM
Genre/form data or focus term Musicals.
Source of term lcgft
700 1# - ADDED ENTRY--PERSONAL NAME
Personal name Lerner, Alan Jay,
Dates associated with a name 1918-1986,
Relator term librettist.
-- librettist.
Real World Object URI https://id.oclc.org/worldcat/entity/E39PBJdxbBWQkjmFMH6jvrhrbd
700 1# - ADDED ENTRY--PERSONAL NAME
Personal name Stein, Joseph,
Relator term librettist.
700 1# - ADDED ENTRY--PERSONAL NAME
Personal name Brown, Georgia,
Relator term singer.
700 1# - ADDED ENTRY--PERSONAL NAME
Personal name Sorvino, Paul,
Relator term singer.
700 1# - ADDED ENTRY--PERSONAL NAME
Personal name Jennings, Don
Titles and other words associated with a name (Conductor),
Relator term conductor.
Real World Object URI https://id.oclc.org/worldcat/entity/E39PCjwhrxh43PT99WDGF9KV3P
758 ## - RESOURCE IDENTIFIER
Relationship information has work:
Label Carmelina (Music)
Real World Object URI https://id.oclc.org/worldcat/entity/E39PCGpk8vD4gBbcd7JmmyCGH3
Relationship https://id.oclc.org/worldcat/ontology/hasWork
906 ## - LOCAL DATA ELEMENT F, LDF (RLIN)
a 7
b cbc
c copycat
d 2
e ncip
f 20
g y-soundrec
925 0# -
-- acquire
-- 2 shelf copies
-- policy default
955 ## - COPY-LEVEL INFORMATION (RLIN)
-- qr27 2024-10-07 added copy 2
Holdings
Withdrawn status Lost status Damaged status Not for loan Home library Current library Shelving location Date acquired Total checkouts Full call number Barcode Date last seen Price effective from Koha item type
        Troy Troy General stacks 22/03/2026   SDC 24444 LOC-TPL-00022 22/03/2026 22/03/2026 Books